Normal view
MARC view
- COMMEDIA
Entry Topical Term
001 - CONTROL NUMBER
- control field: 49718
003 - CONTROL NUMBER IDENTIFIER
- control field: IT-RoPau
005 - DATE AND TIME OF LATEST TRANSACTION
- control field: 20151202094809.0
008 - FIXED-LENGTH DATA ELEMENTS
- fixed length control field: 151202|| aca||aabn | a|a d
040 ## - CATALOGING SOURCE
- Original cataloging agency: IT-RoPau
- Transcribing agency: IT-RoPau
150 ## - HEADING--TOPICAL TERM
- Topical term or geographic name entry element: COMMEDIA
- : FILMS [VHS]
- General subdivision: Codice MATERIA SPICS: 9960
670 ## - SOURCE DATA FOUND
- Source citation: Work cat.: (IT-RoPau)106969: Rohmer Eric Codice regista SPICS: 1948 49716, FEMME DE L'AVIATEUR (LA) FEMME DE L'AVIATEUR (LA) (Rif. Codice opera principale : 29121)